Politicians Less Memorable Than Huang Xianfan - Statistics

General Stats
  • This quiz has been taken 7 times
  • The average score is 14 of 15
Answer Stats
Hint Answer % Correct
President of the United States during the American Civil War Abraham Lincoln
100%
Founder and Il Duce of Fascist Italy Benito Mussolini
100%
Leader of Cuba from 1959 to 2008 Fidel Castro
100%
1st President of the United States George Washington
100%
Founder of North Korea Kim Il-sung
100%
Final leader of the Soviet Union who implemented Glasnost and Perestroika Mikhail Gorbachev
100%
Emperor of Japan from 1926 to 1989 Showa Emperor
100%
First Paramount Leader and founder of the People's Republic of China Mao Zedong
86%
Last Tsar of the Russian Empire Nicholas II
86%
First Chancellor of the German Empire who oversaw his country's unification Otto von Bismarck
86%
President of Iraq from 1979 until his overthrow in 2003 Saddam Hussein
86%
Queen of the United Kingdom for most of the 19th century Victoria
86%
Prime Minister of the United Kingdom during most of WWII Winston Churchill
86%
Roman Emperor who popularized Christianity Constantine
71%
Leading general of the American Civil War and President of the United States Ulysses S. Grant
71%
No matching quizzes found
Score Distribution
Percent of People with Each Score
Percentile by Number Answered
Your Score History
You have not taken this quiz